Don Juan Tenorio

שמור ב:
מידע ביבליוגרפי
מחבר ראשי: Zorrilla, José (Author)
פורמט: ספר
שפה:ספרדית
יצא לאור: Santiago Del pacifico 1960
מהדורה:1a. ed
סדרה:Clásicos del Idioma Patrio
נושאים:
תגים: הוספת תג
אין תגיות, היה/י הראשונ/ה לתייג את הרשומה!

MARC

LEADER 00000cam a2200000 a 4500
001 UCE7254
003 CL-VaPUC
008 150529e19600000cl |||||||||||||||||spa|d
082 0 4 |a 862  |b ZOR  |2 21 
100 0 |a Zorrilla, José  |e author  |9 579933 
245 1 0 |a Don Juan Tenorio 
250 |a 1a. ed 
300 |a 143 
942 |c BK 
945 |d 20150529 15:00:00  |a gsalatino 
260 |a Santiago  |b Del pacifico  |c 1960 
650 0 |a Teatro español  |9 265077 
650 0 |a Literatura española  |9 306261 
583 |a last modification  |c 20150529 15:00:00  |k Rodrigo Vera 
490 0 |a Clásicos del Idioma Patrio 
999 |c 359355  |d 359353 
952 |0 0  |1 0  |3 erb  |4 0  |6 862_000000000000000_ZOR_1960  |7 0  |8 R  |9 468514  |a BIBEDU  |b BIBEDU  |c MCIRC  |e Villagrán Garnham, Jorge  |i 5176506  |o 862 ZOR 1960  |p 5176506  |r 2023-01-13  |w 2019-11-23  |y BK_R  |z Catalogado en:20150529  |k LIT